Public-private partnerships as collaborative projects: (Record no. 506885)

000 -LEADER
fixed length control field 01340nam a2200181Ia 4500
008 - FIXED-LENGTH DATA ELEMENTS--GENERAL INFORMATION
fixed length control field 181130s2018 xx 000 0 und d
100 ## - MAIN ENTRY--PERSONAL NAME
Personal name Vinogradov, Dmitri
245 ## - TITLE STATEMENT
Title Public-private partnerships as collaborative projects:
Remainder of title testing the theory on cases from Eu and Russia
260 ## - PUBLICATION, DISTRIBUTION, ETC.
Date of publication, distribution, etc. 2018
300 ## - PHYSICAL DESCRIPTION
Extent p.446-459.
504 ## - BIBLIOGRAPHY, ETC. NOTE
-- Apr
520 ## - SUMMARY, ETC.
Summary, etc. How do public-private partnerships (PPPs) differ from traditional public procurement and what role should governments play in them? This article views PPPs as collaborative projects with imperfect information between parties. Typical public procurement contracts tackle asymmetric information problems yet limit feasibility of projects: some are not profitable enough to ensure private party participation. Partnership improves feasibility; this justifies PPPs as a form of public good provision and demonstrates how they differ from procurement. Four UK and Russian cases of PPP projects are analyzed within the above framework, focusing on types of contracts, contributions of both partners, and specific partnership elements. - Reproduced.
650 ## - SUBJECT ADDED ENTRY--TOPICAL TERM
Topical term or geographic name entry element Public private partnership
650 ## - SUBJECT ADDED ENTRY--TOPICAL TERM
Topical term or geographic name entry element Public private partnership - EU
650 ## - SUBJECT ADDED ENTRY--TOPICAL TERM
Topical term or geographic name entry element Public private partnership - Russia
773 ## - HOST ITEM ENTRY
Main entry heading International Journal of Public Administration
906 ## - LOCAL DATA ELEMENT F, LDF (RLIN)
a Public private partnership
Holdings
Withdrawn status Lost status Damaged status Not for loan Permanent Location Current Location Date acquired Serial Enumeration / chronology Barcode Date last seen Price effective from Koha item type
        Indian Institute of Public Administration Indian Institute of Public Administration 2018-12-07 41(5 and 6), Apr, 2018: p.446-459. AR118680 2018-12-07 2018-12-07 Articles

Powered by Koha